000 01130nam a2200253 i 4500
001 162721
003 ES-MaACL
005 20250806054252.0
008 971003s1894 sp |||| | spa d
100 1 _aPulido, Ángel,
_d1852-1932
_9149324
245 1 0 _aMiniaturas científicas /
_cDr. A. Pulido ; con un prólogo de D. José Echegaray.
260 _aMadrid :
_b[s.n.],
_c1894 (
_fEstab. Tip. de E. Teodoro)
300 _aXXVIII, 315 p. ;
_c20 cm.
505 8 _aContiene: Medicina árabe ; Educación física de la mujer ; El corro de las niñas ; Evolución de las enfermedades ; La medicina y la pintura ; El poema de la circulación
530 _aDisponible en formato digital.
596 _aEn cub.: En venta en casa de Victoriano Suárez.
650 7 _aMedicina árabe
_2embne
_914919
650 4 _aMedicina-
_vMisceláneas.
_9170607
650 7 _aMedicina-
_xEn el arte
_2
_9148795
700 1 _aEchegaray, José,
_d1832-1916
_946526
852 _aES-MaACL
_jF-10369
_z- Enc. hol.
856 _uhttp://bdh-rd.bne.es/viewer.vm?id=0000091590&page=1
_zBiblioteca Digital Hispánica
999 _c162721
_d162721